[Event "V Weekend Vittorio Alfieri A"]
[Site "Asti ITA"]
[Date "2010.04.18"]
[Round "5"]
[White "Forno, Roberto"]
[Black "Venturino, Marco"]
[Result "0-1"]
[WhiteElo "1923"]
[BlackElo "2139"]
[PlyCount "50"]
[EventDate "2010.04.16"]

1. d4 f5 2. Nd2 Nf6 3. Ngf3 d6 4. e3 g6 5. Bd3 Bg7 6. c4 O-O 7. b3 Nc6 8. Bb2
e5 9. Bc2 e4 10. Ng1 f4 11. Nxe4 fxe3 12. f3 Bf5 13. Ne2 Bxe4 14. Bxe4 Nxe4 15.
fxe4 Qh4+ 16. Ng3 Rf2 17. Bc3 Raf8 18. Qd3 e2 19. b4 Rf1+ 20. Kd2 Qg5+ 21. Qe3
Qh4 22. Kd3 Bh6 23. Qxe2 R1f2 24. Qe1 Rxg2 25. d5 Rf3+ 0-1

[Event "V Weekend Vittorio Alfieri A"]
[Site "Asti ITA"]
[Date "2010.04.18"]
[Round "5"]
[White "Gamba, Ezio"]
[Black "De Francisci, Luigi"]
[Result "0-1"]
[WhiteElo "1868"]
[BlackElo "1914"]
[PlyCount "124"]
[EventDate "2010.04.16"]

1. e4 g6 2. d4 Bg7 3. Nf3 d6 4. Bc4 e6 5. O-O a6 6. c3 Nd7 7. Re1 h6 8. Be3 b6
9. Nbd2 Ne7 10. Nf1 Bb7 11. Bd3 Nf6 12. Ng3 Qd7 13. Qc2 h5 14. h4 Ng4 15. Rad1
Nxe3 16. Rxe3 Bh6 17. Ree1 Kf8 18. Qe2 Kg7 19. e5 Nd5 20. Be4 Nf4 21. Qc2 d5
22. Bd3 Nxd3 23. Rxd3 Qe7 24. Nf1 a5 25. N1h2 Ba6 26. Rdd1 c5 27. g4 hxg4 28.
Nxg4 Kf8 29. Nf6 Bg7 30. Ng4 Bb5 31. Kg2 Rxh4 32. Nxh4 Qxh4 33. f3 Bc6 34. Rh1
Qg5 35. Qd2 Qf5 36. Nh6 Bxh6 37. Qxh6+ Ke7 38. Qd2 Rc8 39. Kf2 Ba4 40. b3 Bd7
41. Rc1 a4 42. dxc5 bxc5 43. f4 g5 44. Rh5 axb3 45. axb3 Qxf4+ 46. Qxf4 gxf4
47. Kf3 Rb8 48. Rb1 Ba4 49. b4 cxb4 50. Kxf4 b3 51. Rb2 Rc8 52. Rh3 Rc4+ 53.
Kg5 Re4 54. Rh4 Rxe5+ 55. Kh6 Re4 56. Rxe4 dxe4 57. Kg5 Kd6 58. Kf4 Kc5 59.
Kxe4 Kc4 60. Rf2 Kxc3 61. Rxf7 Bc6+ 62. Ke5 Bd5 0-1

[Event "V Weekend Vittorio Alfieri A"]
[Site "Asti ITA"]
[Date "2010.04.18"]
[Round "5"]
[White "Gastaldello, Lorenzo"]
[Black "Lucchese, Paolo"]
[Result "1/2-1/2"]
[WhiteElo "1857"]
[BlackElo "2024"]
[PlyCount "73"]
[EventDate "2010.04.16"]

1. d4 c5 2. c3 e6 3. Bf4 cxd4 4. cxd4 Nf6 5. Nc3 Nc6 6. e3 a6 7. Nf3 Qa5 8. Bd3
Nd5 9. Qc2 Ncb4 10. Qd2 Nxd3+ 11. Qxd3 Nxf4 12. exf4 Be7 13. O-O Qc7 14. Ne5 f6
15. Nf3 Qxf4 16. d5 O-O 17. Rfe1 f5 18. dxe6 dxe6 19. Nd5 Qd6 20. Nxe7+ Qxe7
21. Ne5 Rd8 22. Qf3 Rb8 23. Rac1 Rd5 24. Rc3 Qf6 25. Rec1 Qxe5 26. Rxc8+ Rxc8
27. Rxc8+ Kf7 28. Qh5+ Kf6 29. Rf8+ Ke7 30. Qf7+ Kd6 31. Rd8+ Kc6 32. Qe8+ Kb6
33. g3 Qe4 34. Qe7 Ka7 35. Rxd5 Qxd5 36. Qxg7 Qxa2 37. Qd4+ 1/2-1/2

[Event "V Weekend Vittorio Alfieri A"]
[Site "Asti ITA"]
[Date "2010.04.18"]
[Round "5"]
[White "Grattarola, Fabio"]
[Black "Omeri, Silvan"]
[Result "0-1"]
[WhiteElo "2071"]
[BlackElo "2227"]
[PlyCount "68"]
[EventDate "2010.04.16"]

1. d4 Nf6 2. Nf3 e6 3. Bf4 b6 4. e3 Bb7 5. Bd3 Be7 6. Nbd2 d5 7. Ne5 O-O 8. Qf3
Nc6 9. c3 Nxe5 10. dxe5 Nd7 11. Qh3 g6 12. Nf3 Nc5 13. Bc2 Ba6 14. Rd1 c6 15.
Qh6 f5 16. exf6 Bxf6 17. Ne5 Qe8 18. h4 Bg7 19. Qg5 Ne4 20. Bxe4 dxe4 21. f3
Rf5 22. Qg3 exf3 23. gxf3 Bxe5 24. Bxe5 Qf8 25. f4 Qc5 26. Rd2 Qc4 27. b3 Qe4
28. Rg1 Raf8 29. c4 b5 30. c5 b4 31. Bd4 e5 32. Bxe5 Qxe5 33. h5 Rxf4 34. Qh3
Qxe3+ 0-1

[Event "V Weekend Vittorio Alfieri A"]
[Site "Asti ITA"]
[Date "2010.04.18"]
[Round "5"]
[White "Manni, Stefano"]
[Black "Giudici, Alberto"]
[Result "1/2-1/2"]
[WhiteElo "1961"]
[BlackElo "1988"]
[PlyCount "49"]
[EventDate "2010.04.16"]

1. d4 Nf6 2. Nf3 g6 3. b3 Bg7 4. Bb2 d5 5. e3 O-O 6. c4 c5 7. dxc5 Qa5+ 8. Nbd2
dxc4 9. Bxc4 Rd8 10. O-O Ne4 11. Bd4 Nxc5 12. Bxg7 Kxg7 13. Qc2 Nc6 14. Rfd1
Be6 15. Ng5 Bxc4 16. Nxc4 Qb4 17. Ne4 Nxe4 18. Qxe4 Qc3 19. h3 e5 20. g4 h6 21.
Rac1 Qb4 22. Qc2 Qe7 23. Qc3 f6 24. Na5 Nxa5 25. Qxa5 1/2-1/2

[Event "V Weekend Vittorio Alfieri A"]
[Site "Asti ITA"]
[Date "2010.04.18"]
[Round "5"]
[White "Porzio, Massimo"]
[Black "Almonti, Alessandro"]
[Result "1/2-1/2"]
[WhiteElo "1847"]
[BlackElo "2038"]
[PlyCount "61"]
[EventDate "2010.04.16"]

1. e4 b6 2. d4 e6 3. Nf3 Bb7 4. Bd3 c5 5. O-O cxd4 6. Nxd4 Nc6 7. Nxc6 Bxc6 8.
Re1 d6 9. Nd2 Nf6 10. Nf3 Nd7 11. Nd4 Bb7 12. c3 Be7 13. Bb5 Rc8 14. Qg4 Kf8
15. Bxd7 Qxd7 16. Bg5 h6 17. Bxe7+ Qxe7 18. Rad1 a6 19. Qg3 Rd8 20. c4 g6 21.
Qc3 Kg8 22. a4 Rc8 23. Qb4 Qc7 24. b3 Kh7 25. Rd3 Rhd8 26. Qd2 Kg7 27. Rh3 Rh8
28. Qe3 Rce8 29. Qc3 Kg8 30. Qd2 Kg7 31. Qc3 1/2-1/2

[Event "V Weekend Vittorio Alfieri A"]
[Site "Asti ITA"]
[Date "2010.04.18"]
[Round "5"]
[White "Vuelban, Virgilio"]
[Black "Mrdja, Milan"]
[Result "1/2-1/2"]
[WhiteElo "2346"]
[BlackElo "2376"]
[PlyCount "21"]
[EventDate "2010.04.16"]

1. e4 g6 2. d4 Bg7 3. Nc3 d6 4. f4 Nf6 5. Nf3 O-O 6. Bd3 Na6 7. O-O c5 8. d5
Nc7 9. a4 a6 10. Qe1 e6 11. dxe6 1/2-1/2

[Event "V Open Primavera"]
[Site "Como ITA"]
[Date "2010.04.15"]
[Round "1"]
[White "Bassoli, Andrea D."]
[Black "Giaracuni, Claudio"]
[Result "1-0"]
[WhiteElo "1550"]
[BlackElo "1810"]
[PlyCount "63"]
[EventDate "2010.04.15"]

1. e4 c5 2. Nf3 e6 3. d4 cxd4 4. Nxd4 Nf6 5. Nc3 d6 6. Bg5 a6 7. Be2 Be7 8. O-O
O-O 9. Kh1 b5 10. a3 Bb7 11. Bd3 Nbd7 12. f4 Rc8 13. e5 dxe5 14. fxe5 Nxe5 15.
Nf3 Nxf3 16. gxf3 Nd5 17. Bxe7 Nxc3 18. Bxh7+ Kxh7 19. Qxd8 Rfxd8 20. Bxd8 Ne2
21. Rae1 Rxc2 22. Rf2 Rxb2 23. h4 Rd2 24. Ba5 Ng3+ 25. Kg1 Rd4 26. Bc3 Rxh4 27.
Rh2 Nf5 28. Ree2 Bxf3 29. Rxh4+ Nxh4 30. Rh2 g5 31. Be1 Bg2 32. Bxh4 1-0

[Event "V Open Primavera"]
[Site "Como ITA"]
[Date "2010.04.15"]
[Round "1"]
[White "Casarola, Andrea"]
[Black "Luppi, Dario"]
[Result "0-1"]
[WhiteElo "1440"]
[BlackElo "1739"]
[PlyCount "38"]
[EventDate "2010.04.15"]

1. e4 e6 2. Nf3 d5 3. exd5 exd5 4. d4 Bd6 5. Nc3 c6 6. Be2 Ne7 7. O-O O-O 8.
Bd3 Bg4 9. Bxh7+ Kh8 10. Bg5 Kxh7 11. Re1 f6 12. Qd3+ Bf5 13. Qd1 fxg5 14.
Nxg5+ Kg8 15. Ne6 Bxh2+ 16. Kxh2 Qd6+ 17. g3 Bxe6 18. Rxe6 Rxf2+ 19. Kg1 Qxg3+
0-1

[Event "V Open Primavera"]
[Site "Como ITA"]
[Date "2010.04.15"]
[Round "1"]
[White "Cocconcelli, Lorenzo"]
[Black "Novi', Giuseppe"]
[Result "0-1"]
[WhiteElo "1560"]
[BlackElo "1824"]
[PlyCount "136"]
[EventDate "2010.04.15"]

1. d4 e6 2. e4 d5 3. exd5 Qxd5 4. Nc3 Qd8 5. Nf3 Nf6 6. Bd3 Nbd7 7. O-O Be7 8.
Ne4 O-O 9. c3 b6 10. Qc2 h6 11. Bf4 Bb7 12. Rad1 Qc8 13. Ne5 c5 14. Nxd7 Nxd7
15. dxc5 Nxc5 16. Nxc5 Qxc5 17. Be4 Bxe4 18. Qxe4 Rad8 19. Qb7 Bf6 20. Rd7 Rxd7
21. Qxd7 Qc4 22. Bd6 Rd8 23. Qc7 Qd5 24. Be7 Bxe7 25. Qxe7 Rd7 26. Qa3 Qd2 27.
Qa6 Kh7 28. Qa4 g6 29. h3 Kg7 30. g3 Rd5 31. Qb4 Qe2 32. c4 Rd2 33. Qc3+ Kg8
34. Qf6 Qxc4 35. h4 h5 36. Qe5 Qxa2 37. Rc1 Rd8 38. Qf6 Rf8 39. Rc7 a6 40. Rc6
Qb3 41. Rc1 a5 42. g4 hxg4 43. h5 Qf3 44. Qxf3 gxf3 45. hxg6 fxg6 46. Rc6 b5
47. Rxe6 Kg7 48. Kh2 Rf5 49. Kg3 Kf7 50. Re3 a4 51. Re4 g5 52. Rb4 Ke6 53. Re4+
Kd6 54. Rd4+ Kc5 55. Rd1 Kb4 56. Kg4 Rf7 57. Rd3 Rc7 58. Rxf3 Rc2 59. Kxg5 Rxb2
60. Rf4+ Kc3 61. Rf3+ Kc2 62. Ra3 Rb3 63. Ra1 a3 64. f3 Kb2 65. Rg1 a2 66. Rg2+
Ka3 67. Rxa2+ Kxa2 68. f4 Rf3 0-1

[Event "V Open Primavera"]
[Site "Como ITA"]
[Date "2010.04.15"]
[Round "1"]
[White "Croso, Marco"]
[Black "Lipari, Alberto"]
[Result "1-0"]
[WhiteElo "1817"]
[BlackElo "1559"]
[PlyCount "51"]
[EventDate "2010.04.15"]

1. d4 d5 2. c4 c6 3. e3 Nf6 4. Nc3 Bf5 5. Nf3 e6 6. Be2 Ne4 7. Qb3 Qc7 8. Nh4
Na6 9. cxd5 Nxc3 10. bxc3 Bd6 11. Nxf5 exf5 12. dxc6 Qxc6 13. Bb5 O-O 14. Bxc6
bxc6 15. Qb7 Nc7 16. Qxc6 Rfd8 17. Bd2 Rac8 18. Qa4 a6 19. c4 Re8 20. c5 Be7
21. O-O Red8 22. Ba5 Rd5 23. Bxc7 Rxc7 24. Qe8+ Bf8 25. Rab1 Re7 26. Qa8 1-0

[Event "V Open Primavera"]
[Site "Como ITA"]
[Date "2010.04.15"]
[Round "1"]
[White "Nastasi, Ivano"]
[Black "Pede, Lucio"]
[Result "0-1"]
[WhiteElo "1705"]
[BlackElo "1874"]
[PlyCount "66"]
[EventDate "2010.04.15"]

1. d4 d5 2. c4 c6 3. cxd5 cxd5 4. Nc3 Nf6 5. Bf4 Bf5 6. Nf3 e6 7. e3 Nc6 8. Bb5
a6 9. Bxc6+ bxc6 10. Qa4 Qb6 11. Ne5 Rc8 12. O-O Nd7 13. b3 Nxe5 14. Bxe5 f6
15. Bg3 Bb4 16. Rac1 O-O 17. a3 Be7 18. f3 Bd3 19. Rfd1 Bb5 20. Ne2 Bxa4 21.
bxa4 g5 22. h4 Qb2 23. Kf2 c5 24. hxg5 fxg5 25. Rb1 Qxa3 26. Rb7 c4 27. Rh1 c3
28. Be5 c2 29. Rh5 Rf7 30. Rh3 c1=Q 31. Nxc1 Qxc1 32. Rh5 Rc2+ 33. Kg3 Qe1+ 0-1

[Event "V Open Primavera"]
[Site "Como ITA"]
[Date "2010.04.15"]
[Round "1"]
[White "Orsenigo, Davide"]
[Black "Ghezzi, Carlo"]
[Result "1-0"]
[WhiteElo "1860"]
[BlackElo "1688"]
[PlyCount "61"]
[EventDate "2010.04.15"]

1. e4 d6 2. d4 g6 3. f4 Nf6 4. Nc3 Bg7 5. Nf3 Bg4 6. h3 Bxf3 7. Qxf3 Nc6 8. Be3
e5 9. fxe5 dxe5 10. Bb5 O-O 11. Bxc6 bxc6 12. Rd1 Qe7 13. O-O Nd7 14. d5 f5 15.
dxc6 Nc5 16. Nd5 Qd6 17. Nb6 Qxc6 18. Nxa8 Nxe4 19. Nxc7 Qxc7 20. c3 a6 21. Rb1
Qc4 22. a3 Rf7 23. Rfd1 Bf6 24. Qf1 Qc6 25. Qd3 Kg7 26. Qd5 Qc8 27. Bh6+ Kg8
28. c4 Nc5 29. b4 Ne4 30. Rb3 Qc7 31. Qa8+ 1-0

[Event "V Open Primavera"]
[Site "Como ITA"]
[Date "2010.04.15"]
[Round "1"]
[White "Primerano, Carlo"]
[Black "Rokic, Petar"]
[Result "1-0"]
[WhiteElo "1758"]
[BlackElo "1446"]
[PlyCount "61"]
[EventDate "2010.04.15"]

1. d4 d5 2. c4 e6 3. Nc3 Nf6 4. Bg5 Be7 5. cxd5 exd5 6. Qc2 O-O 7. e3 c6 8. Bd3
h6 9. Bh4 Nbd7 10. Nf3 Re8 11. O-O Nf8 12. Rab1 Be6 13. b4 a6 14. a4 N6d7 15.
Bxe7 Rxe7 16. b5 axb5 17. axb5 c5 18. dxc5 Nxc5 19. Be2 Ng6 20. Rfd1 b6 21. Nd4
Bd7 22. Nxd5 Re5 23. Bf3 Ra5 24. Nc6 Bxc6 25. bxc6 Ne6 26. Nxb6 Qe8 27. c7 Rac5
28. c8=Q Qxc8 29. Qd2 Qc7 30. Qd7 Rc6 31. Qxc6 1-0

[Event "V Open Primavera"]
[Site "Como ITA"]
[Date "2010.04.22"]
[Round "2"]
[White "Dal Lago, Emilio"]
[Black "Croso, Marco"]
[Result "0-1"]
[WhiteElo "1385"]
[BlackElo "1817"]
[PlyCount "112"]
[EventDate "2010.04.15"]

1. g3 c6 2. Bg2 Qc7 3. e3 e5 4. b3 Nf6 5. a3 d5 6. h3 Bf5 7. d3 Bd6 8. Bb2 Nbd7
9. Ne2 O-O 10. Nd2 Rad8 11. Nc3 d4 12. Nde4 dxe3 13. Nxf6+ Nxf6 14. fxe3 e4 15.
O-O Bg6 16. Nxe4 Nxe4 17. dxe4 Bxa3 18. Bd4 Bb2 19. Ra2 c5 20. Rxb2 cxd4 21.
exd4 Qc3 22. Ra2 Rxd4 23. Qg4 Qe3+ 24. Kh2 Rd2 25. Qf4 Qe2 26. Qf3 Qxf3 27.
Rxf3 Bxe4 28. Kg1 Bxf3 29. Bxf3 b5 30. Kf1 b4 31. Be4 Rd7 32. Ra1 Re7 33. Bd3
g6 34. Ra4 Rb8 35. Kf2 Kg7 36. Ra5 Rb6 37. g4 h6 38. Kg2 Kf8 39. Ra1 Ke8 40.
Rd1 a5 41. Kf3 g5 42. Ra1 Re5 43. Bf5 Rd6 44. Rc1 Ke7 45. c4 Rxf5+ 46. gxf5
Rd3+ 47. Ke4 Rxb3 48. c5 Kd7 49. Ke5 Rc3 50. Rd1+ Kc7 51. Kd4 Rf3 52. Ke4 b3
53. Rd6 a4 54. Rf6 b2 55. Rxf7+ Kc6 56. Rf8 b1=Q+ 0-1

[Event "V Open Primavera"]
[Site "Como ITA"]
[Date "2010.04.22"]
[Round "2"]
[White "Giaracuni, Claudio"]
[Black "Corti, Filippo"]
[Result "0-1"]
[WhiteElo "1810"]
[BlackElo "1721"]
[PlyCount "110"]
[EventDate "2010.04.15"]

1. c4 Nf6 2. g3 g6 3. Bg2 Bg7 4. Nc3 d6 5. e3 e5 6. Nge2 Nc6 7. d4 O-O 8. O-O
Bg4 9. b3 exd4 10. exd4 Qd7 11. Bb2 Bh3 12. Re1 Bxg2 13. Kxg2 Rfe8 14. Qd2 d5
15. Rad1 Rad8 16. c5 Ne4 17. Nxe4 Rxe4 18. f3 Re7 19. Nf4 Bh6 20. Bc3 Rde8 21.
b4 Qf5 22. b5 Bxf4 23. gxf4 Nb8 24. Kg3 c6 25. Rxe7 Rxe7 26. Re1 Re6 27. a4 a6
28. bxa6 Nxa6 29. Re5 Qf6 30. Qe3 Nc7 31. Ba5 Ne8 32. Rxe6 fxe6 33. Qe5 Qxe5
34. fxe5 Ng7 35. Kg4 Nf5 36. Kg5 Kf7 37. Bc3 h6+ 38. Kg4 g5 39. Kh5 Kg7 40. f4
gxf4 41. Kg4 Kg6 42. Kxf4 Kh5 43. Kf3 Kh4 44. Be1+ Kh3 45. Bc3 h5 46. Kf4 Kxh2
47. Kg5 h4 48. Kf6 Kg2 49. Kxe6 h3 50. Kxf5 h2 51. e6 h1=Q 52. e7 Qh3+ 53. Kf6
Qf3+ 54. Ke6 Qg4+ 55. Kd6 Qc8 0-1

[Event "V Open Primavera"]
[Site "Como ITA"]
[Date "2010.04.22"]
[Round "2"]
[White "Lipari, Alberto"]
[Black "Casarola, Andrea"]
[Result "1-0"]
[WhiteElo "1559"]
[BlackElo "1440"]
[PlyCount "89"]
[EventDate "2010.04.15"]

1. c4 e6 2. d4 Nf6 3. Bg5 Be7 4. Nc3 d5 5. e3 O-O 6. Qc2 Nc6 7. a3 Ne4 8. Bxe7
Qxe7 9. Nxe4 dxe4 10. Qxe4 Bd7 11. Bd3 f5 12. Qf3 e5 13. dxe5 Nxe5 14. Qe2 Rad8
15. Rd1 Ba4 16. Bc2 Bxc2 17. Qxc2 Rxd1+ 18. Kxd1 Rd8+ 19. Kc1 Qg5 20. f4 Nd3+
21. Qxd3 Rxd3 22. fxg5 Rxe3 23. Nf3 c6 24. Re1 f4 25. Kd2 Rxe1 26. Kxe1 Kf7 27.
h4 Ke6 28. Kf2 Kd6 29. b3 Kc5 30. g4 fxg3+ 31. Kxg3 a5 32. a4 Kb4 33. Nd2 Kc3
34. Ne4+ Kxb3 35. Nd6 b5 36. Nxb5 cxb5 37. axb5 Kb4 38. b6 Kc5 39. b7 Kxc4 40.
b8=Q Kc5 41. Qa7+ Kb5 42. Qxg7 a4 43. Qxh7 a3 44. Qb1+ Ka4 45. Qa2 1-0

[Event "V Open Primavera"]
[Site "Como ITA"]
[Date "2010.04.22"]
[Round "2"]
[White "Luppi, Dario"]
[Black "Orsenigo, Davide"]
[Result "1-0"]
[WhiteElo "1739"]
[BlackElo "1860"]
[PlyCount "51"]
[EventDate "2010.04.15"]

1. d4 Nf6 2. Nf3 d5 3. e3 e6 4. Bd3 Nbd7 5. b3 Bd6 6. Bb2 O-O 7. O-O Re8 8. Ne5
c6 9. Nd2 Qc7 10. f4 c5 11. Qf3 a6 12. Qh3 Nf8 13. g4 b5 14. g5 N6d7 15. Nxf7
Kxf7 16. Bxh7 Nxh7 17. Qxh7 Nf8 18. g6+ Nxg6 19. dxc5 Bf8 20. b4 Ne7 21. Be5
Qd7 22. Nf3 Nc6 23. Bxg7 Bxg7 24. Ne5+ Nxe5 25. fxe5+ Ke7 26. Qh4+ 1-0

[Event "V Open Primavera"]
[Site "Como ITA"]
[Date "2010.04.22"]
[Round "2"]
[White "Novi', Giuseppe"]
[Black "Bassoli, Andrea D."]
[Result "1-0"]
[WhiteElo "1824"]
[BlackElo "1550"]
[PlyCount "91"]
[EventDate "2010.04.15"]

1. e4 c5 2. Nf3 Nc6 3. Bc4 e6 4. c3 g6 5. O-O Bg7 6. Re1 Nge7 7. d4 d5 8. exd5
exd5 9. Bb5 Qb6 10. Na3 O-O 11. dxc5 Qxc5 12. Be3 Qd6 13. Nc4 Qc7 14. Ncd2 Be6
15. Nb3 b6 16. Nbd4 Rfd8 17. Nxe6 fxe6 18. Bg5 Kf7 19. Bxe7 Kxe7 20. Qa4 Rd6
21. Qh4+ Kf8 22. Qxh7 Re8 23. Qxg6 e5 24. Qc2 e4 25. Nh4 Rh6 26. g3 Re5 27.
Bxc6 Qxc6 28. Qd2 Rf6 29. Rad1 Bh6 30. Qd4 Rfe6 31. Ng2 Qd6 32. c4 Bg7 33. cxd5
e3 34. fxe3 Rxe3 35. Rf1+ Kg8 36. Qg4 R3e4 37. Qf5 Re7 38. Nf4 Bd4+ 39. Kh1
R7e5 40. Qc8+ Re8 41. Qg4+ Bg7 42. b3 Qa3 43. Qg6 Kh8 44. Nh5 Bd4 45. Rxd4 Rg8
46. Qh6# 1-0

[Event "V Open Primavera"]
[Site "Como ITA"]
[Date "2010.04.22"]
[Round "2"]
[White "Pede, Lucio"]
[Black "Primerano, Carlo"]
[Result "0-1"]
[WhiteElo "1874"]
[BlackElo "1758"]
[PlyCount "102"]
[EventDate "2010.04.15"]

1. e4 c5 2. c3 Nf6 3. e5 Nd5 4. Nf3 e6 5. d3 Nc6 6. Be2 d6 7. d4 cxd4 8. cxd4
dxe5 9. Nxe5 Bb4+ 10. Kf1 Nxe5 11. dxe5 Qb6 12. g3 Bd7 13. Bd2 Bc5 14. Be1 Qxb2
15. Nd2 Qxe5 16. Nb3 Bb6 17. h4 Rc8 18. h5 Nc3 19. Bxc3 Rxc3 20. Rh4 Bb5 21.
Bxb5+ Qxb5+ 22. Kg1 Rxg3+ 23. Kh2 Rg5 24. Qd6 Qe5+ 25. Qxe5 Rxe5 26. Rc1 Ke7
27. Kg2 Rd8 28. h6 g6 29. Rc2 Rd1 30. Rc8 Rg5+ 31. Kf3 Rf1 32. Rh8 Rxf2+ 33.
Ke4 Re2+ 34. Kd3 Re3+ 35. Kc4 Rh5 36. Rxh5 gxh5 37. Rxh7 Kf6 38. Rg7 h4 39. Rg8
Re4+ 40. Kc3 h3 41. h7 Rh4 42. h8=Q+ Rxh8 43. Rxh8 e5 44. Rxh3 Kg5 45. Kd3 f5
46. Rh7 e4+ 47. Ke2 Kf4 48. Rxb7 Kg4 49. Rg7+ Kf4 50. Nd2 Bd4 51. Nc4 Bxg7 0-1

[Event "V Open Primavera"]
[Site "Como ITA"]
[Date "2010.04.29"]
[Round "3"]
[White "Casarola, Andrea"]
[Black "Giaracuni, Claudio"]
[Result "0-1"]
[WhiteElo "1440"]
[BlackElo "1810"]
[PlyCount "60"]
[EventDate "2010.04.15"]

1. e4 c5 2. Nf3 e6 3. Bb5 a6 4. Ba4 b5 5. c4 bxa4 6. Qxa4 Nc6 7. Nc3 Bb7 8. d3
Qc7 9. Be3 Nf6 10. O-O Be7 11. Rad1 O-O 12. Rd2 Rfd8 13. Qd1 d5 14. Bg5 dxe4
15. dxe4 Ne5 16. Nxe5 Qxe5 17. Bxf6 Qxf6 18. Rd7 Bc6 19. Rd3 Qe5 20. f4 Rxd3
21. Qxd3 Qd4+ 22. Qxd4 cxd4 23. Ne2 Bc5 24. Kh1 Bxe4 25. Re1 Rd8 26. Ng3 Bf5
27. Nxf5 exf5 28. Re5 d3 29. Rxc5 d2 30. Rd5 d1=Q+ 0-1

[Event "V Open Primavera"]
[Site "Como ITA"]
[Date "2010.04.29"]
[Round "3"]
[White "Corti, Filippo"]
[Black "Pede, Lucio"]
[Result "0-1"]
[WhiteElo "1721"]
[BlackElo "1874"]
[PlyCount "70"]
[EventDate "2010.04.15"]

1. Nf3 c5 2. g3 Nc6 3. Bg2 e5 4. d3 Nf6 5. Nc3 d5 6. Bg5 Be7 7. O-O d4 8. Bxf6
Bxf6 9. Ne4 Be7 10. c3 O-O 11. cxd4 cxd4 12. Rc1 Bd7 13. Nc5 Bxc5 14. Rxc5 f6
15. Qb3+ Kh8 16. Rfc1 a5 17. Nd2 Nb4 18. Bxb7 Rb8 19. Bg2 Na6 20. Qa3 Nxc5 21.
Rxc5 Rb5 22. Rc1 Be6 23. Nc4 Bxc4 24. dxc4 Rb4 25. c5 Qc7 26. c6 Rfb8 27. b3 a4
28. bxa4 Rb1 29. Qc5 Rxc1+ 30. Qxc1 Qd6 31. h4 f5 32. a5 Ra8 33. a6 Ra7 34. Qb2
e4 35. Qb8+ Qxb8 0-1

[Event "V Open Primavera"]
[Site "Como ITA"]
[Date "2010.04.29"]
[Round "3"]
[White "Croso, Marco"]
[Black "Luppi, Dario"]
[Result "1-0"]
[WhiteElo "1817"]
[BlackElo "1739"]
[PlyCount "115"]
[EventDate "2010.04.15"]

1. d4 d5 2. c4 e6 3. Nc3 c6 4. cxd5 exd5 5. Nf3 Nf6 6. Bg5 Be7 7. e3 Bf5 8. Be2
O-O 9. Qb3 Qb6 10. Qxb6 axb6 11. O-O h6 12. Bh4 Nbd7 13. Ne5 g5 14. Bg3 Nxe5
15. Bxe5 Nd7 16. Bg3 Bg6 17. f4 f5 18. Bd3 g4 19. h3 h5 20. hxg4 hxg4 21. Kf2
Kg7 22. Rh1 Rh8 23. a3 Rxh1 24. Rxh1 Rh8 25. Rxh8 Kxh8 26. Ke2 Kg7 27. Kd2 Kf7
28. Kc2 Ke6 29. Be1 c5 30. Bb5 Nb8 31. Na4 cxd4 32. exd4 Bd8 33. Nc3 Nc6 34.
Kd3 Bc7 35. g3 Bf7 36. Nxd5 Kxd5 37. Bc4+ Kd6 38. Bxf7 Ke7 39. Bg8 Bd6 40. Kc4
b5+ 41. Kd5 b4 42. a4 Bc7 43. Kc4 Bd6 44. d5 Na5+ 45. Kb5 Nb3 46. Kb6 Nc5 47.
a5 Nd3 48. Bd2 Nxb2 49. Kxb7 Nc4 50. a6 Na5+ 51. Kc8 b3 52. Bc3 Bc5 53. d6+
Kxd6 54. Bxa5 b2 55. Ba2 Kc6 56. Bc3 Kb6 57. Bxb2 Kxa6 58. Bf6 1-0

[Event "V Open Primavera"]
[Site "Como ITA"]
[Date "2010.04.29"]
[Round "3"]
[White "Ghezzi, Carlo"]
[Black "Bassoli, Andrea D."]
[Result "1-0"]
[WhiteElo "1688"]
[BlackElo "1550"]
[PlyCount "71"]
[EventDate "2010.04.15"]

1. e4 c5 2. Nf3 Nc6 3. Bc4 e6 4. d4 cxd4 5. Nxd4 Nf6 6. Nc3 Ne5 7. Bb3 Be7 8.
O-O d5 9. f4 Nc4 10. e5 Bc5 11. Kh1 Nd7 12. Nf3 O-O 13. Qd3 Ndb6 14. Ng5 g6 15.
Qh3 h5 16. Na4 f6 17. exf6 Nxa4 18. Bxa4 e5 19. Qc3 Qxf6 20. Bb5 Qxg5 21. Bxc4
exf4 22. Bb3 b6 23. Bd2 Bb7 24. Rae1 Kh7 25. Re5 Qxg2+ 26. Kxg2 d4+ 27. Bd5
Bxd5+ 28. Rxd5 dxc3 29. Bxc3 Kh6 30. Rd7 f3+ 31. Rxf3 Rxf3 32. Kxf3 Rf8+ 33.
Kg3 Rf2 34. Bg7+ Kg5 35. Rd5+ Rf5 36. h4# 1-0

[Event "V Open Primavera"]
[Site "Como ITA"]
[Date "2010.04.29"]
[Round "3"]
[White "Nastasi, Ivano"]
[Black "Dal Lago, Emilio"]
[Result "0-1"]
[WhiteElo "1705"]
[BlackElo "1385"]
[PlyCount "112"]
[EventDate "2010.04.15"]

1. d4 g6 2. c4 Bg7 3. e4 h6 4. Nc3 e6 5. Nf3 b6 6. Be2 Bb7 7. O-O a6 8. Re1 d6
9. Bf1 Nd7 10. Qc2 Ne7 11. Bf4 Nf6 12. Rad1 g5 13. Bc1 Nd7 14. Re3 Ng6 15. d5
e5 16. Be2 O-O 17. Ne1 Nf6 18. Rg3 Bc8 19. h3 Bd7 20. Bf3 Qc8 21. Qe2 Nh7 22.
Bg4 Nf6 23. Nc2 Nf4 24. Qf3 Nxg4 25. hxg4 f6 26. Ne3 b5 27. cxb5 axb5 28. b4
Ra6 29. Nf5 Rf7 30. Bxf4 exf4 31. Rh3 Bf8 32. Rh5 Bxf5 33. exf5 Ra3 34. Qd3 c5
35. dxc6 Qxc6 36. Rc1 Qc4 37. Rh3 Qxd3 38. Rxd3 Rc7 39. Kh2 Rb7 40. Rd5 Be7 41.
Rxb5 Rxb5 42. Nxb5 Rxa2 43. Rc8+ Kf7 44. Rc7 Rd2 45. Na7 Rxf2 46. b5 f3 47. Nc6
Rxg2+ 48. Kh1 Rxg4 49. Rxe7+ Kf8 50. Re3 f2 51. Rf3 Rg1+ 52. Kh2 f1=Q 53. Rxf1
Rxf1 54. b6 Rb1 55. Nb8 Ke8 56. Kg3 Rxb6 0-1

[Event "V Open Primavera"]
[Site "Como ITA"]
[Date "2010.04.29"]
[Round "3"]
[White "Orsenigo, Davide"]
[Black "Lipari, Alberto"]
[Result "1/2-1/2"]
[WhiteElo "1860"]
[BlackElo "1559"]
[PlyCount "98"]
[EventDate "2010.04.15"]

1. e4 c5 2. Nf3 d6 3. d4 cxd4 4. Nxd4 Bd7 5. c4 Nc6 6. Nc3 a6 7. Be3 g6 8. Be2
Bg7 9. Qd2 Qc7 10. O-O e6 11. Ndb5 axb5 12. Nxb5 Qb8 13. Nxd6+ Ke7 14. Bc5 Be5
15. Nxf7+ Kxf7 16. Qxd7+ Nge7 17. Bg4 Bxh2+ 18. Kh1 Qe5 19. Bb6 h5 20. f4 Bxf4
21. Bh3 g5 22. Bc7 Qf6 23. g3 Ne5 24. Qb5 Nd3 25. gxf4 Nxf4 26. Qxb7 e5 27. Qb5
Nc6 28. Rad1 Nd4 29. Bxe5 Nxb5 30. Bxf6 Kxf6 31. cxb5 Rxa2 32. Bd7 Rxb2 33. Rb1
Rxb1 34. Rxb1 Ke7 35. Bc6 Kd6 36. Rd1+ Kc5 37. Kh2 h4 38. Rd7 Rf8 39. Rg7 Ne6
40. Rg6 Nd4 41. Rxg5+ Kb4 42. Rh5 Nf3+ 43. Kh3 Rg8 44. Rxh4 Nxh4 45. Kxh4 Kc5
46. Kh5 Kd6 47. Bd5 Rb8 48. Bc6 Rg8 49. Kh6 Rg1 1/2-1/2

[Event "V Open Primavera"]
[Site "Como ITA"]
[Date "2010.04.29"]
[Round "3"]
[White "Primerano, Carlo"]
[Black "Novi', Giuseppe"]
[Result "1-0"]
[WhiteElo "1758"]
[BlackElo "1824"]
[PlyCount "89"]
[EventDate "2010.04.15"]

1. d4 e6 2. c4 c5 3. d5 d6 4. Nc3 Nf6 5. e4 Be7 6. Bd3 O-O 7. Nf3 exd5 8. exd5
Bg4 9. O-O Nbd7 10. Be2 Re8 11. Re1 a6 12. a4 Qa5 13. Qc2 Rab8 14. Bd2 Qc7 15.
Ng5 Bxe2 16. Rxe2 Ne5 17. Nce4 Nxe4 18. Qxe4 Bxg5 19. Bxg5 h6 20. Bh4 Qb6 21.
Qc2 Qb4 22. Rae1 Rec8 23. b3 b5 24. axb5 axb5 25. f4 Ng6 26. Bg3 bxc4 27. bxc4
Rd8 28. f5 Nf8 29. f6 gxf6 30. Bh4 Nh7 31. Rf1 Kg7 32. Ref2 Qb3 33. Qe4 Re8 34.
Qg4+ Ng5 35. Bxg5 hxg5 36. Rxf6 Qe3+ 37. Kh1 Rb7 38. Qf5 Ree7 39. Rxd6 Qe5 40.
Qxe5+ Rxe5 41. Rc6 f5 42. Rxc5 f4 43. h3 Re2 44. d6 Rbb2 45. Rxg5+ 1-0

[Event "V Open Primavera"]
[Site "Como ITA"]
[Date "2010.05.06"]
[Round "4"]
[White "Bassoli, Andrea D."]
[Black "Nastasi, Ivano"]
[Result "1-0"]
[WhiteElo "1550"]
[BlackElo "1705"]
[PlyCount "65"]
[EventDate "2010.04.15"]

1. d4 d5 2. c4 Nf6 3. Nc3 e6 4. Bg5 Bb4 5. e3 h6 6. Bh4 c5 7. Qb3 g5 8. Bg3 Ne4
9. O-O-O h5 10. Nxe4 dxe4 11. h4 Bd7 12. a3 a5 13. hxg5 cxd4 14. axb4 axb4 15.
Be5 d3 16. Bxd3 Ba4 17. Bxe4 Qa5 18. Qd3 Bxd1 19. Bxh8 Nc6 20. Bxc6+ bxc6 21.
Bf6 Qa1+ 22. Kd2 Bg4 23. f3 Bf5 24. e4 Bg6 25. g4 b3 26. gxh5 Qa5+ 27. Ke2 Bh7
28. Qd6 Ra7 29. g6 Bg8 30. g7 Rb7 31. Qf8+ Kd7 32. Qxg8 Qa6 33. Qd8# 1-0